000 00710aas a2200217 4500
999 _c3835
_d3835
003 BR-BrBNA
005 20230317233920.0
007 ta
008 230119b bl ||||| |||| 00| 0 por d
035 _a000485-5
040 _aBR-BrBNA
_bPor
_cBR-BrBNA
042 _aN
044 _abl
245 _aSistema de Produção - Empresa de Assistência Técnica e Extensão Rural do Ceará (Brazil)
260 _aFortaleza-CE
_bEmrpresa de Assistência Técnica e Extensão Rural do Ceará - EMATER-CE
_c1988. Data final de publicação em 1994
_eBCE
270 _aCaixa Postal, 5 - CEP 60.000-Fortaleza-CE
310 _airregular
505 _a1988 (1,2 2ºed); 1994 (3);
909 _a56
_bSergio Santos
_c56
_dSergio Santos
942 _cCR
_2AGRIS